[Event "Tradewise Gibraltar Masters 16th"]
[Site "Gibraltar"]
[Date "2018.01.26"]
[Round "4.96"]
[White "Sanchez Jerez, Emilio Miguel"]
[Black "Pein, Jonathan"]
[Result "1-0"]
[WhiteElo "2330"]
[BlackElo "2153"]
[PlyCount "37"]
[EventDate "2018.01.23"]
[EventType "swiss"]
[EventRounds "10"]
[EventCountry "GGB"]
[SourceTitle "BritBase"]
[Source "www.saund.co.uk"]
[SourceDate "2018.02.10"]
[SourceVersion "1"]
[SourceVersionDate "2018.02.10"]
[SourceQuality "1"]

1. e4 d5 2. exd5 Qxd5 3. Nc3 Qd6 4. d4 Nf6 5. Bd3 g6 6. Nge2 Bg7 7. Bf4 Qd8 8.
Qd2 O-O 9. O-O-O c6 10. f3 Qa5 11. Bh6 Be6 12. a3 b5 13. Bxg7 Kxg7 14. Nf4 Bd7
15. Rde1 Qd8 16. h4 h5 17. Qe3 a5 18. Qe5 Na6 19. Nxh5+ 1-0

[Event "Tradewise Gibraltar Masters 16th"]
[Site "Gibraltar"]
[Date "2018.01.26"]
[Round "4.97"]
[White "Padmini, Rout"]
[Black "Maloberti, David"]
[Result "1-0"]
[WhiteElo "2325"]
[BlackElo "2148"]
[PlyCount "70"]
[EventDate "2018.01.23"]
[EventType "swiss"]
[EventRounds "10"]
[EventCountry "GGB"]
[SourceTitle "BritBase"]
[Source "www.saund.co.uk"]
[SourceDate "2018.02.10"]
[SourceVersion "1"]
[SourceVersionDate "2018.02.10"]
[SourceQuality "1"]

1. e4 e6 2. d4 d5 3. Nc3 Bb4 4. e5 c5 5. a3 Bxc3+ 6. bxc3 Qa5 7. Bd2 Qa4 8. Qb1
c4 9. Ne2 Nc6 10. Nf4 g6 11. h4 h5 12. g3 Bd7 13. Nh3 O-O-O 14. Ng5 Rf8 15. Bh3
Nh6 16. O-O Nf5 17. Re1 Nce7 18. Qd1 Qa5 19. a4 Bxa4 20. Bc1 b5 21. Qd2 Nc6 22.
Ba3 Nfxd4 23. Bxf8 Rxf8 24. Qe3 Qb6 25. cxd4 Nxd4 26. Rxa4 bxa4 27. Qa3 Rd8 28.
Qxa4 Qb7 29. Qa2 Rd7 30. c3 Nb5 31. Nxf7 Nxc3 32. Qa1 d4 33. Bxe6 Kb8 34. Bxd7
Qxd7 35. e6 Qe7 1-0

[Event "Tradewise Gibraltar Masters 16th"]
[Site "Gibraltar"]
[Date "2018.01.26"]
[Round "4.98"]
[White "Osuna Vega, Enrique"]
[Black "Papp, Petra"]
[Result "1/2-1/2"]
[WhiteElo "2102"]
[BlackElo "2324"]
[PlyCount "145"]
[EventDate "2018.01.23"]
[EventType "swiss"]
[EventRounds "10"]
[EventCountry "GGB"]
[SourceTitle "BritBase"]
[Source "www.saund.co.uk"]
[SourceDate "2018.02.10"]
[SourceVersion "1"]
[SourceVersionDate "2018.02.10"]
[SourceQuality "1"]

1. e4 c5 2. Nf3 d6 3. d4 cxd4 4. Nxd4 Nf6 5. Nc3 a6 6. Nb3 Nc6 7. Be2 e6 8. Be3
b5 9. a3 Be7 10. f4 O-O 11. Qd2 Bb7 12. Bf3 Nd7 13. Qf2 Rb8 14. O-O Ba8 15.
Rfd1 Qc7 16. Rd3 Nb6 17. Bxb6 Qxb6 18. Qxb6 Rxb6 19. Ne2 Rc8 20. Ned4 g6 21. c3
Rbb8 22. Rad1 Bf8 23. Nxc6 Bxc6 24. Kf2 Re8 25. e5 d5 26. g4 h6 27. h4 Be7 28.
Kg3 Bd8 29. Nd4 Bd7 30. g5 h5 31. Ra1 Bb6 32. Ne2 Rec8 33. b4 a5 34. Rad1 Ra8
35. R1d2 Ra7 36. Rd1 axb4 37. axb4 Ra2 38. R1d2 Ra3 39. Rd1 Rc4 40. R1d2 Kf8
41. Rd1 Ke8 42. R1d2 Ke7 43. Rd1 Ra2 44. R1d2 Rxd2 45. Rxd2 d4 46. cxd4 Rxb4
47. d5 exd5 48. Nc3 Be6 49. Rd3 Kf8 50. Nxd5 Rd4 51. Rxd4 Bxd4 52. Nc7 Bc4 53.
Bd5 Bc3 54. e6 Be1+ 55. Kf3 Ba5 56. Bxc4 bxc4 57. Nb5 fxe6 58. Nd4 Kf7 59. Ke4
Bc7 60. Ne2 Bb6 61. Nd4 c3 62. Ne2 c2 63. Kd3 Bf2 64. Kxc2 Bxh4 65. Kd3 Be1 66.
Ng1 Bf2 67. Nf3 Bb6 68. Ne5+ Kg7 69. Ke4 h4 70. Kf3 Bc7 71. Nd3 Kf7 72. Kg4 e5
73. Nxe5+ 1/2-1/2

[Event "Tradewise Gibraltar Masters 16th"]
[Site "Gibraltar"]
[Date "2018.01.26"]
[Round "4.99"]
[White "Povah, Nigel E"]
[Black "Villar Reymundo, Juan Antonio"]
[Result "1-0"]
[WhiteElo "2310"]
[BlackElo "2121"]
[PlyCount "43"]
[EventDate "2018.01.23"]
[EventType "swiss"]
[EventRounds "10"]
[EventCountry "GGB"]
[SourceTitle "BritBase"]
[Source "www.saund.co.uk"]
[SourceDate "2018.02.10"]
[SourceVersion "1"]
[SourceVersionDate "2018.02.10"]
[SourceQuality "1"]

1. d4 Nf6 2. Bg5 d5 3. e3 Ne4 4. Bf4 c5 5. Bd3 Nf6 6. c3 Nc6 7. Nd2 e6 8. Ngf3
Be7 9. Ne5 O-O 10. h4 Bd7 11. g4 cxd4 12. exd4 Rc8 13. g5 Nxe5 14. dxe5 Ne8 15.
Qh5 g6 16. Qh6 Bc5 17. h5 Qe7 18. hxg6 fxg6 19. Bxg6 Bxf2+ 20. Kxf2 Rxf4+ 21.
Kg3 Rf7 22. Raf1 1-0

[Event "Tradewise Gibraltar Masters 16th"]
[Site "Gibraltar"]
[Date "2018.01.26"]
[Round "4.100"]
[White "Goriatchkin, Jouri"]
[Black "Pabalan, Rocky"]
[Result "1-0"]
[WhiteElo "2310"]
[BlackElo "2098"]
[PlyCount "143"]
[EventDate "2018.01.23"]
[EventType "swiss"]
[EventRounds "10"]
[EventCountry "GGB"]
[SourceTitle "BritBase"]
[Source "www.saund.co.uk"]
[SourceDate "2018.02.10"]
[SourceVersion "1"]
[SourceVersionDate "2018.02.10"]
[SourceQuality "1"]

1. d4 Nf6 2. c4 e6 3. g3 d5 4. Nf3 b6 5. cxd5 Bb4+ 6. Nc3 Nxd5 7. Bd2 O-O 8.
Nxd5 Bxd2+ 9. Qxd2 Qxd5 10. Bg2 c6 11. O-O Bb7 12. Ne5 Qd6 13. Qf4 f6 14. Nc4
Qxf4 15. gxf4 Rd8 16. e3 Na6 17. a3 Nc7 18. Rac1 Nd5 19. Rc2 Ba6 20. Rfc1 Rac8
21. Bh3 Kf7 22. f5 Ke7 23. fxe6 c5 24. dxc5 Rxc5 25. b4 Rc6 26. Nd2 Rxc2 27.
Rxc2 Rc8 28. Rxc8 Bxc8 29. Bf5 g6 30. Bc2 Bxe6 31. Nf3 Nc3 32. Nd4 Bd7 33. f4
Kd6 34. Kf2 a5 35. bxa5 bxa5 36. h4 Nb5 37. Nxb5+ Bxb5 38. e4 Bc4 39. Ke3 Kc5
40. e5 fxe5 41. fxe5 Bf7 42. Ba4 h6 43. Kf4 Bc4 44. Bc2 Bf7 45. Ba4 Kd4 46. Bd7
Kd5 47. Ba4 Ke6 48. Bb3+ Ke7 49. Bc2 Be8 50. Bd3 a4 51. Bc4 Kd7 52. Bb5+ Kd8
53. Bd3 Kc7 54. Ke3 Kc6 55. Kd4 g5 56. Bc2 Kb5 57. hxg5 hxg5 58. Bf5 Kc6 59.
Bg4 Kc7 60. Kd5 Bc6+ 61. Kc5 Be8 62. e6 Bg6 63. Kd5 Be8 64. Be2 Kb6 65. Kd6 Bg6
66. e7 Be8 67. Bg4 Bg6 68. Bd7 g4 69. e8=Q Bxe8 70. Bxe8 g3 71. Bc6 Ka5 72. Kc5
1-0

[Event "Tradewise Gibraltar Masters 16th"]
[Site "Gibraltar"]
[Date "2018.01.26"]
[Round "4.101"]
[White "De Haan, Eric"]
[Black "Hapala, Elisabeth"]
[Result "1-0"]
[WhiteElo "2304"]
[BlackElo "2097"]
[PlyCount "63"]
[EventDate "2018.01.23"]
[EventType "swiss"]
[EventRounds "10"]
[EventCountry "GGB"]
[SourceTitle "BritBase"]
[Source "www.saund.co.uk"]
[SourceDate "2018.02.10"]
[SourceVersion "1"]
[SourceVersionDate "2018.02.10"]
[SourceQuality "1"]

1. d4 d5 2. c4 c6 3. Nf3 Nf6 4. Nc3 dxc4 5. a4 Bf5 6. Ne5 Nbd7 7. Nxc4 Nb6 8.
Ne5 a5 9. e3 g6 10. Bd3 Bxd3 11. Nxd3 Bg7 12. O-O O-O 13. Qb3 Qc7 14. e4 Nbd7
15. e5 Ne8 16. Bg5 Nb8 17. Rac1 Na6 18. Nd5 Qb8 19. Nb6 Nec7 20. Nxa8 Qxa8 21.
Bxe7 Re8 22. Bd6 Nd5 23. Rfe1 Qc8 24. h3 Qd7 25. Qd1 Qf5 26. Qb3 Qd7 27. Rcd1
h5 28. Bc5 Qc7 29. Rc1 Bh6 30. Rc2 Nab4 31. Bxb4 axb4 32. Qxd5 1-0

[Event "Tradewise Gibraltar Masters 16th"]
[Site "Gibraltar"]
[Date "2018.01.26"]
[Round "4.102"]
[White "Byron, Alan M"]
[Black "Mannion, Stephen R"]
[Result "0-1"]
[WhiteElo "2099"]
[BlackElo "2285"]
[PlyCount "70"]
[EventDate "2018.01.23"]
[EventType "swiss"]
[EventRounds "10"]
[EventCountry "GGB"]
[SourceTitle "BritBase"]
[Source "www.saund.co.uk"]
[SourceDate "2018.02.10"]
[SourceVersion "1"]
[SourceVersionDate "2018.02.10"]
[SourceQuality "1"]

1. e4 e5 2. Nf3 Nc6 3. Bb5 a6 4. Ba4 Nf6 5. O-O Be7 6. Re1 b5 7. Bb3 d6 8. c3
O-O 9. h3 Na5 10. Bc2 d5 11. d4 dxe4 12. Nxe5 c5 13. Be3 Bb7 14. Nd2 Qc7 15.
Qb1 cxd4 16. Bxd4 Bd6 17. Ng4 Nxg4 18. hxg4 Bh2+ 19. Kh1 f5 20. gxf5 Bf4 21.
Nxe4 Rxf5 22. Qd1 Qc6 23. Bxg7 Kxg7 24. Qd4+ Be5 25. Qb4 Qh6+ 26. Kg1 Qh2+ 27.
Kf1 Nc6 28. Qc5 Raf8 29. Qe3 Bf4 30. Qb6 R8f7 31. Nd6 Qh1+ 32. Ke2 Qh5+ 33. Kf1
Bxd6 34. Bxf5 Qxf5 35. Rad1 Bc5 0-1

[Event "Tradewise Gibraltar Masters 16th"]
[Site "Gibraltar"]
[Date "2018.01.26"]
[Round "4.103"]
[White "Perez, Flavio"]
[Black "Bolt, Graham"]
[Result "1-0"]
[WhiteElo "2279"]
[BlackElo "2094"]
[PlyCount "119"]
[EventDate "2018.01.23"]
[EventType "swiss"]
[EventRounds "10"]
[EventCountry "GGB"]
[SourceTitle "BritBase"]
[Source "www.saund.co.uk"]
[SourceDate "2018.02.10"]
[SourceVersion "1"]
[SourceVersionDate "2018.02.10"]
[SourceQuality "1"]

1. e4 g6 2. d4 Bg7 3. Nc3 d6 4. Nge2 Nd7 5. g3 c5 6. Bg2 cxd4 7. Nxd4 Ngf6 8.
O-O O-O 9. h3 a6 10. a4 Rb8 11. Re1 Re8 12. Kh2 Qc7 13. Ra3 Ne5 14. f4 Nc4 15.
Ra2 e5 16. Nde2 exf4 17. gxf4 Bd7 18. b3 Nb6 19. a5 Nc8 20. Qd3 Bc6 21. Rd1 Ra8
22. Nd4 Bd7 23. Nce2 Na7 24. c4 Nc6 25. Bd2 Nxd4 26. Nxd4 Rab8 27. Bb4 Bf8 28.
Bc3 Bg7 29. Bb4 Bf8 30. Be1 Nh5 31. Rf2 Be7 32. Bc3 Bf8 33. Ne2 Qc5 34. Rff1 b5
35. axb6 Qxb6 36. b4 Bc6 37. Bf3 Bg7 38. Bxh5 Rxe4 39. Bxg7 Re3 40. Qd4 gxh5
41. Rf2 Bd7 42. Qxb6 Rxh3+ 43. Kg2 Rxb6 44. Bc3 Bg4 45. Rc1 Rc6 46. Be1 Rd3 47.
Ng1 Rd4 48. c5 dxc5 49. bxc5 h4 50. Rf1 Rd5 51. Bf2 Rg6 52. Kh2 Rd2 53. c6 h3
54. Rc3 Bf5 55. Nxh3 Rh6 56. c7 Bxh3 57. Rxh3 Rc6 58. Rg1+ Kf8 59. Rg2 Rxc7 60.
Bc5+ 1-0

[Event "Tradewise Gibraltar Masters 16th"]
[Site "Gibraltar"]
[Date "2018.01.26"]
[Round "4.104"]
[White "Bergstrom, Rolf"]
[Black "Cholleti, Sahajasri"]
[Result "0-1"]
[WhiteElo "2276"]
[BlackElo "2083"]
[PlyCount "78"]
[EventDate "2018.01.23"]
[EventType "swiss"]
[EventRounds "10"]
[EventCountry "GGB"]
[SourceTitle "BritBase"]
[Source "www.saund.co.uk"]
[SourceDate "2018.02.10"]
[SourceVersion "1"]
[SourceVersionDate "2018.02.10"]
[SourceQuality "1"]

1. e4 c5 2. Nf3 d6 3. c3 Nf6 4. Be2 g6 5. O-O Bg7 6. Bb5+ Nc6 7. d4 O-O 8. d5
Ne5 9. Nxe5 dxe5 10. Qe2 a6 11. Ba4 b5 12. Bc2 e6 13. dxe6 Bxe6 14. Rd1 Qc7 15.
a4 Qc6 16. f3 Nd7 17. Be3 Rfd8 18. b3 Nb6 19. a5 Rxd1+ 20. Qxd1 Nd7 21. Nd2 Qc7
22. Qe1 Bf8 23. Qf2 Rd8 24. g3 Bg7 25. Nf1 Rc8 26. Bd2 f5 27. Qe2 fxe4 28. fxe4
Nb8 29. c4 bxc4 30. bxc4 Nc6 31. Ne3 Nd4 32. Qd1 Rf8 33. Nd5 Qf7 34. Be3 Bh3
35. Bd3 Nf3+ 36. Kh1 Ne1 37. Ne7+ Kh8 38. Nf5 Nxd3 39. Nxg7 Nf2+ 0-1

[Event "Tradewise Gibraltar Masters 16th"]
[Site "Gibraltar"]
[Date "2018.01.26"]
[Round "4.105"]
[White "Bjerre, Tavs"]
[Black "Antova, Gabriela"]
[Result "0-1"]
[WhiteElo "2071"]
[BlackElo "2260"]
[PlyCount "94"]
[EventDate "2018.01.23"]
[EventType "swiss"]
[EventRounds "10"]
[EventCountry "GGB"]
[SourceTitle "BritBase"]
[Source "www.saund.co.uk"]
[SourceDate "2018.02.10"]
[SourceVersion "1"]
[SourceVersionDate "2018.02.10"]
[SourceQuality "1"]

1. d4 Nf6 2. c4 e6 3. Nc3 Bb4 4. e3 c5 5. Bd3 O-O 6. Nf3 d5 7. O-O Nc6 8. a3
Bxc3 9. bxc3 Qc7 10. a4 dxc4 11. Bxc4 e5 12. dxe5 Nxe5 13. Nxe5 Qxe5 14. Qe2
Bf5 15. Bb2 Ng4 16. g3 Rad8 17. h3 Nf6 18. Kh2 Ne4 19. Rfd1 Qf6 20. Bd5 Qh6 21.
g4 Ng5 22. Bg2 Be4 23. f4 Bf3 24. Qf1 Rxd1 25. Rxd1 Bxd1 26. Qxd1 Qb6 27. Qc2
Ne6 28. c4 Rd8 29. Bd5 Nc7 30. Qc3 Qf6 31. Qb3 Qh4 32. Qc3 Qf2+ 33. Kh1 Ne8 34.
Qe5 Kf8 35. Qf5 Rxd5 36. Qxd5 Qxb2 37. Qxc5+ Kg8 38. Qe7 Qa1+ 39. Kg2 Qxa4 40.
Qxb7 h6 41. Qc8 a5 42. c5 Qe4+ 43. Kf2 Kh7 44. c6 a4 45. Qd7 a3 46. Qxf7 Qc2+
47. Kg3 Nd6 0-1

[Event "Tradewise Gibraltar Masters 16th"]
[Site "Gibraltar"]
[Date "2018.01.26"]
[Round "4.106"]
[White "Meszaros, Andras"]
[Black "Berrocal Ruiz, Valentin"]
[Result "0-1"]
[WhiteElo "2258"]
[BlackElo "2068"]
[PlyCount "79"]
[EventDate "2018.01.23"]
[EventType "swiss"]
[EventRounds "10"]
[EventCountry "GGB"]
[SourceTitle "BritBase"]
[Source "www.saund.co.uk"]
[SourceDate "2018.02.10"]
[SourceVersion "1"]
[SourceVersionDate "2018.02.10"]
[SourceQuality "1"]

1. d4 Nf6 2. c4 e6 3. Nf3 c5 4. d5 exd5 5. cxd5 d6 6. Nc3 g6 7. Bg5 Bg7 8. e3
O-O 9. Be2 a6 10. a4 Re8 11. O-O h6 12. Bh4 g5 13. Bg3 Nh5 14. Nd2 Nxg3 15.
hxg3 Nd7 16. Bg4 Ne5 17. Bxc8 Rxc8 18. Nf3 Nc4 19. Qe2 Na5 20. Rab1 Qb6 21. Nh2
Re7 22. Qh5 c4 23. Ng4 Kh7 24. f4 f5 25. Nf2 Rxe3 26. fxg5 Rf8 27. Ne2 Qd8 28.
Nh3 Qe8 29. g6+ Qxg6 30. Qxg6+ Kxg6 31. Nef4+ Kh7 32. Ne6 Rf7 33. g4 Nb3 34.
Rxf5 Rxf5 35. gxf5 Nd4 36. Rf1 Bf6 37. Nf2 Ne2+ 38. Kh2 Be5+ 39. g3 Nxg3 40.
Rc1 0-1

[Event "Tradewise Gibraltar Masters 16th"]
[Site "Gibraltar"]
[Date "2018.01.26"]
[Round "4.107"]
[White "Coleman, David J"]
[Black "Yoo, Christopher Woojin"]
[Result "1-0"]
[WhiteElo "2055"]
[BlackElo "2254"]
[PlyCount "61"]
[EventDate "2018.01.23"]
[EventType "swiss"]
[EventRounds "10"]
[EventCountry "GGB"]
[SourceTitle "BritBase"]
[Source "www.saund.co.uk"]
[SourceDate "2018.02.10"]
[SourceVersion "1"]
[SourceVersionDate "2018.02.10"]
[SourceQuality "1"]

1. e4 c5 2. Nf3 d6 3. d4 cxd4 4. Nxd4 Nf6 5. Nc3 a6 6. Bg5 Nbd7 7. Qe2 e6 8.
O-O-O Qc7 9. f4 Be7 10. g4 b5 11. Bg2 Rb8 12. e5 dxe5 13. Nc6 b4 14. Nxb8 bxc3
15. Nxd7 Nxd7 16. Bxe7 Kxe7 17. Rd3 cxb2+ 18. Kb1 exf4 19. Qd2 Nc5 20. Rc3 Bd7
21. Rd1 Bb5 22. Qd4 Rc8 23. Qxg7 Be2 24. Qg5+ f6 25. Qg7+ Ke8 26. Qg8+ Ke7 27.
Qxh7+ Kf8 28. Qh8+ Ke7 29. Qg7+ Ke8 30. Bc6+ Qxc6 31. Rh3 1-0

[Event "Tradewise Gibraltar Masters 16th"]
[Site "Gibraltar"]
[Date "2018.01.26"]
[Round "4.108"]
[White "Serarols Mabras, Bernat"]
[Black "Arroyo Rodriguez, Jesus"]
[Result "1-0"]
[WhiteElo "2235"]
[BlackElo "2057"]
[PlyCount "63"]
[EventDate "2018.01.23"]
[EventType "swiss"]
[EventRounds "10"]
[EventCountry "GGB"]
[SourceTitle "BritBase"]
[Source "www.saund.co.uk"]
[SourceDate "2018.02.10"]
[SourceVersion "1"]
[SourceVersionDate "2018.02.10"]
[SourceQuality "1"]

1. d4 Nf6 2. c4 e6 3. g3 c5 4. d5 exd5 5. cxd5 d6 6. Nc3 g6 7. Bg2 Bg7 8. Nf3
O-O 9. O-O a6 10. a4 Re8 11. Bf4 Ne4 12. Nxe4 Rxe4 13. Nd2 Rb4 14. a5 Bxb2 15.
Ra4 Rxa4 16. Qxa4 Bf6 17. Bxd6 Qxd6 18. Ne4 Bd7 19. Qb3 Qc7 20. d6 Qd8 21.
Nxf6+ Qxf6 22. Qxb7 Qxd6 23. Qxa8 Bb5 24. Qd5 Qc7 25. Rc1 c4 26. Qb7 Qe5 27.
Bd5 Nd7 28. Bxc4 Qb2 29. Qc8+ Kg7 30. Bxb5 Qxb5 31. Qc6 Qb2 32. Qc3+ 1-0

[Event "Tradewise Gibraltar Masters 16th"]
[Site "Gibraltar"]
[Date "2018.01.26"]
[Round "4.109"]
[White "Kvisla, Johannes Luangtep"]
[Black "Kozarcanin, Sead"]
[Result "1/2-1/2"]
[WhiteElo "2234"]
[BlackElo "2048"]
[PlyCount "91"]
[EventDate "2018.01.23"]
[EventType "swiss"]
[EventRounds "10"]
[EventCountry "GGB"]
[SourceTitle "BritBase"]
[Source "www.saund.co.uk"]
[SourceDate "2018.02.10"]
[SourceVersion "1"]
[SourceVersionDate "2018.02.10"]
[SourceQuality "1"]

1. d4 d5 2. Bf4 e6 3. e3 Bd6 4. Bg3 Nf6 5. Nf3 O-O 6. Bd3 Ne4 7. Nbd2 f5 8. Ne5
Nxg3 9. hxg3 Bxe5 10. dxe5 Nc6 11. f4 Nb4 12. Qh5 h6 13. Qg6 Qe8 14. Rxh6 Qxg6
15. Rxg6 Kf7 16. Rg5 Rh8 17. Kf2 c5 18. a3 Nxd3+ 19. cxd3 b6 20. g4 fxg4 21. d4
Ba6 22. e4 cxd4 23. exd5 exd5 24. f5 Bd3 25. Nb3 Rae8 26. Re1 Be4 27. Nxd4 Rxe5
28. Rxg4 Rc8 29. b3 Rc3 30. Rg3 Rc8 31. Rge3 g6 32. fxg6+ Kxg6 33. g4 Ree8 34.
Kg3 Rc7 35. Nf5 Rc2 36. R1e2 Rxe2 37. Rxe2 Rf8 38. Nd4 Rf1 39. Rd2 a5 40. a4
Kg5 41. Ne6+ Kf6 42. Nd4 Kg5 43. Ne6+ Kf6 44. Nd4 Kg5 45. Ne6+ Kf6 46. Nd4
1/2-1/2

[Event "Tradewise Gibraltar Masters 16th"]
[Site "Gibraltar"]
[Date "2018.01.26"]
[Round "4.110"]
[White "Janiszewski, Maciej"]
[Black "Paramzina, Anastasya"]
[Result "0-1"]
[WhiteElo "2029"]
[BlackElo "2225"]
[PlyCount "58"]
[EventDate "2018.01.23"]
[EventType "swiss"]
[EventRounds "10"]
[EventCountry "GGB"]
[SourceTitle "BritBase"]
[Source "www.saund.co.uk"]
[SourceDate "2018.02.10"]
[SourceVersion "1"]
[SourceVersionDate "2018.02.10"]
[SourceQuality "1"]

1. e4 c5 2. Nf3 d6 3. d4 cxd4 4. Nxd4 Nf6 5. Nc3 a6 6. Be3 e6 7. f3 h5 8. Qd2
Nbd7 9. O-O-O b5 10. Bxb5 axb5 11. Ndxb5 Ra6 12. f4 Be7 13. Kb1 O-O 14. Qe2 Qa5
15. a3 Bb7 16. b4 Qd8 17. e5 dxe5 18. fxe5 Nd5 19. Nxd5 exd5 20. Qxh5 g6 21.
Qh3 Nxe5 22. Bd4 Bf6 23. Qg3 Nc4 24. Rd3 Bc6 25. Na7 Bd7 26. Bc5 Re8 27. b5 Be5
28. Qe1 Ra4 29. Qf1 Qb8 0-1

[Event "Tradewise Gibraltar Masters 16th"]
[Site "Gibraltar"]
[Date "2018.01.26"]
[Round "4.111"]
[White "Roman Lopez, Jesus"]
[Black "Estrada Nieto, Julian"]
[Result "0-1"]
[WhiteElo "2008"]
[BlackElo "2222"]
[PlyCount "80"]
[EventDate "2018.01.23"]
[EventType "swiss"]
[EventRounds "10"]
[EventCountry "GGB"]
[SourceTitle "BritBase"]
[Source "www.saund.co.uk"]
[SourceDate "2018.02.10"]
[SourceVersion "1"]
[SourceVersionDate "2018.02.10"]
[SourceQuality "1"]

1. d4 d5 2. c4 dxc4 3. e4 e5 4. Nf3 exd4 5. Bxc4 Nc6 6. O-O Be6 7. Bb5 Bc5 8.
b4 Bb6 9. a4 a6 10. Bxc6+ bxc6 11. a5 Ba7 12. Bb2 Nf6 13. Nxd4 Bxd4 14. Bxd4
Nxe4 15. Bxg7 Rg8 16. Qe2 Qd5 17. Rd1 Qc4 18. Qxc4 Bxc4 19. Be5 Ng5 20. Ra3 Ne6
21. Re3 Bd5 22. g3 O-O-O 23. Bf6 Rd7 24. Kf1 Rg4 25. Bc3 Nf4 26. Nd2 Bc4+ 27.
Kg1 Ne2+ 28. Kg2 Nxc3 29. Rxc3 Be2 30. Rdc1 Rxd2 31. Rxc6 Rd7 32. f4 Rg6 33.
R6c5 Rgd6 34. f5 Rd5 35. Kf2 Bg4 36. f6 Rd2+ 37. Ke3 Rxh2 38. b5 axb5 39. Rxb5
Ra2 40. Rc6 h6 0-1

[Event "Tradewise Gibraltar Masters 16th"]
[Site "Gibraltar"]
[Date "2018.01.26"]
[Round "4.112"]
[White "Midonet, Matthieu"]
[Black "Cherigui, Mourad"]
[Result "1-0"]
[WhiteElo "2213"]
[BlackElo "1892"]
[PlyCount "81"]
[EventDate "2018.01.23"]
[EventType "swiss"]
[EventRounds "10"]
[EventCountry "GGB"]
[SourceTitle "BritBase"]
[Source "www.saund.co.uk"]
[SourceDate "2018.02.10"]
[SourceVersion "1"]
[SourceVersionDate "2018.02.10"]
[SourceQuality "1"]

1. e4 c5 2. Nf3 Nc6 3. Bb5 e6 4. O-O Nge7 5. Nc3 Qb6 6. Re1 a6 7. Bf1 Nd4 8. d3
Nec6 9. Nb1 Nxf3+ 10. Qxf3 Nd4 11. Qd1 g6 12. c3 Nc6 13. Nd2 Bg7 14. Nc4 Qc7
15. a4 b6 16. g3 d6 17. Bf4 e5 18. Bd2 Be6 19. Bg2 O-O 20. Ne3 Qb7 21. f4 f5
22. exf5 gxf5 23. d4 cxd4 24. cxd4 exd4 25. Nd5 Bf7 26. Rc1 Kh8 27. Nb4 d5 28.
Nxc6 Rfe8 29. Ne5 b5 30. Ba5 Rac8 31. Qxd4 bxa4 32. Rxc8 Rxc8 33. Bc3 Kg8 34.
Qxa4 Bxe5 35. Rxe5 Qb6+ 36. Qd4 Qxd4+ 37. Bxd4 Rc1+ 38. Kf2 Rd1 39. Bc3 d4 40.
Re1 Rd3 41. Bf1 1-0

[Event "Tradewise Gibraltar Masters 16th"]
[Site "Gibraltar"]
[Date "2018.01.26"]
[Round "4.113"]
[White "Redondo Flores, David"]
[Black "Van Zyl-Rudd, Jack"]
[Result "0-1"]
[WhiteElo "2000"]
[BlackElo "2197"]
[PlyCount "72"]
[EventDate "2018.01.23"]
[EventType "swiss"]
[EventRounds "10"]
[EventCountry "GGB"]
[SourceTitle "BritBase"]
[Source "www.saund.co.uk"]
[SourceDate "2018.02.10"]
[SourceVersion "1"]
[SourceVersionDate "2018.02.10"]
[SourceQuality "1"]

1. e4 Nc6 2. Nf3 d6 3. d4 Nf6 4. Nc3 g6 5. Bc4 Bg7 6. Qe2 Bg4 7. Be3 e5 8. Bb5
exd4 9. Bxd4 O-O 10. Bxc6 bxc6 11. Qd3 Re8 12. O-O Rb8 13. Rab1 c5 14. Be3 Bxf3
15. gxf3 Nd7 16. f4 Nf6 17. f3 Nh5 18. Qd2 Qh4 19. Qf2 Qf6 20. Nd5 Qd8 21. Nc3
c6 22. Qg2 d5 23. Rfd1 Qa5 24. Bd2 d4 25. Ne2 Qxa2 26. Qg5 Qc4 27. Ng3 Nxg3 28.
hxg3 Qxc2 29. f5 Rxb2 30. Rxb2 Qxd1+ 31. Kf2 c4 32. Rb7 c3 33. Bc1 d3 34. fxg6
hxg6 35. Qf4 Bd4+ 36. Kg2 Qg1+ 0-1

[Event "Tradewise Gibraltar Masters 16th"]
[Site "Gibraltar"]
[Date "2018.01.26"]
[Round "4.114"]
[White "Chibnall, Alana"]
[Black "Gonzalez Gonzalez, Alfonso"]
[Result "0-1"]
[WhiteElo "1906"]
[BlackElo "2192"]
[PlyCount "212"]
[EventDate "2018.01.23"]
[EventType "swiss"]
[EventRounds "10"]
[EventCountry "GGB"]
[SourceTitle "BritBase"]
[Source "www.saund.co.uk"]
[SourceDate "2018.02.10"]
[SourceVersion "1"]
[SourceVersionDate "2018.02.10"]
[SourceQuality "1"]

1. e4 c5 2. Nf3 a6 3. g3 b5 4. Bg2 Bb7 5. d3 d6 6. O-O Nc6 7. Re1 Qc7 8. a4 e6
9. c3 Nf6 10. d4 e5 11. d5 Na7 12. c4 b4 13. Nh4 Nd7 14. f4 Be7 15. Nf3 Bf6 16.
Nbd2 Nc8 17. a5 Ne7 18. Nf1 O-O-O 19. Bh3 Kb8 20. Bxd7 Qxd7 21. fxe5 dxe5 22.
Be3 Qc7 23. N1d2 Ng6 24. Nb3 Be7 25. Qc2 Rc8 26. Rf1 f6 27. Ne1 Nf8 28. Nd3 Nd7
29. Kg2 h5 30. Bg1 h4 31. Qf2 hxg3 32. hxg3 Ba8 33. Qe3 g6 34. Bf2 f5 35. Rh1
fxe4 36. Rxh8 Rxh8 37. Ndxc5 Nxc5 38. Nxc5 Bxc5 39. Qxc5 Qf7 40. Qxb4+ Bb7 41.
Qc3 Qf5 42. g4 Qxg4+ 43. Qg3 Qh5 44. Bd4 Qf3+ 45. Qxf3 exf3+ 46. Kxf3 exd4 47.
Ke4 Rh4+ 48. Ke5 d3 49. b3 d2 50. Rd1 Rh2 51. Kd4 g5 52. c5 Bc8 53. Kc3 g4 54.
Rxd2 Rxd2 55. Kxd2 g3 56. Ke2 Bg4+ 57. Kf1 Bf3 58. d6 Kc8 59. b4 Kd7 60. Kg1
Ke6 61. Kf1 Bc6 62. Ke2 Kf5 63. d7 Bxd7 64. Kf3 Ke5 65. Kxg3 Kd4 66. Kf2 Kd3
67. Ke1 Kc2 68. Ke2 Bc6 69. Ke1 Bb5 70. Kf2 Kd2 71. Kf3 Bc6+ 72. Kf2 Bb5 73.
Kf3 Ba4 74. Kf2 Kc3 75. Ke3 Kxb4 76. Kd2 Kb3 77. Kd3 Bb5+ 78. Kd2 Kb2 79. Kd1
Bc6 80. Kd2 Be4 81. Kd1 Bd5 82. Kd2 Bf3 83. Ke3 Bg2 84. Kd2 Kb1 85. Kd1 Bc6 86.
Kd2 Ba4 87. Kc3 Kc1 88. Kb4 Bc6 89. Ka3 Kb1 90. Kb3 Bd5+ 91. Ka3 Ka1 92. Ka4
Ka2 93. Kb4 Kb2 94. Ka4 Bc6+ 95. Kb4 Bb5 96. c6 Bxc6 97. Kc4 Bb5+ 98. Kb4 Be2
99. Ka4 Bd1+ 100. Kb4 Bb3 101. Kc5 Kc3 102. Kb6 Bc4 103. Kc5 Bf1 104. Kd5 Bg2+
105. Kc5 Bb7 106. Kb6 Kb4 0-1

[Event "Tradewise Gibraltar Masters 16th"]
[Site "Gibraltar"]
[Date "2018.01.26"]
[Round "4.115"]
[White "Bendayan Claros, Aaron"]
[Black "Obiamiwe, Paul"]
[Result "1-0"]
[WhiteElo "2191"]
[BlackElo "1891"]
[PlyCount "49"]
[EventDate "2018.01.23"]
[EventType "swiss"]
[EventRounds "10"]
[EventCountry "GGB"]
[SourceTitle "BritBase"]
[Source "www.saund.co.uk"]
[SourceDate "2018.02.10"]
[SourceVersion "1"]
[SourceVersionDate "2018.02.10"]
[SourceQuality "1"]

1. d4 Nf6 2. c4 g6 3. Nc3 Bg7 4. e4 d6 5. f3 Nbd7 6. Be3 a6 7. Nge2 c6 8. Qd2
h5 9. Nc1 Qc7 10. Be2 c5 11. d5 Ne5 12. O-O O-O 13. h3 Rb8 14. a4 b6 15. f4
Ned7 16. Nd3 Ne8 17. f5 Ne5 18. Nf4 Nf6 19. Qe1 Bd7 20. Qg3 Kh7 21. Qg5 Bh6 22.
fxg6+ fxg6 23. Qxh6+ Kxh6 24. Ne6+ Kh7 25. Nxc7 1-0